000 00438pab a2200169 454500
008 180718b2008 xxu||||| |||| 00| 0 eng d
100 _aXinli, Zheng
245 _aChina's economic development and the future
260 _c2008
300 _ap.71-78.
362 _aJan-Mar
650 _aEconomic and social development - China
650 _aEconomic and social development
773 _aUSI Journal
908 _aN
909 _a78568
999 _c78568
_d78568